000 00678nam a22002657a 4500
999 _c308166
_d308166
001 21956
003 UA-OsUOA
005 20200220152536.0
007 ta
008 20031215b un ||||| |||| 00| 0 ukr d
020 _a5-212-00107-2
040 _aUA-OsUOA
_brus
_cUA-OsUOA
_dUA-OsUOA
041 _arus
044 _aRU
080 _a02
090 _a02
_bЧ-49
100 _aЧернет О. П.
245 _aОбщественно-политическая литература
260 _aМосква
_bКнига
_c1989
300 _a248 с.
650 7 _2UDC
700 _aЛюбчинский Сергей Борисович
942 _cBK
_2udc
955 _a0